000 01987nam a2200241Ia 4500
003 Ost
005 20260416102351.0
008 260416s9999||||xx |||||||||||||| ||und||
040 _cfsecg
041 _aara
082 _a330
100 _aخالفي، وهيبة
_eمؤلف
245 0 _aالإقتصاد الجزائري والعولمة /
_c وهيبة خالفي
260 _aالجزائر
_bجامعة الجزائر3: كلية العلوم الإقتصادية، العلوم التجارية وعلوم التسيير
_c2015
300 _a102 ورقة
_bايضاحات
_c30 سم
504 _aمراجع ص.100
520 _aالاقتصاد الجزائري خلال المرحلة الاستعمارية ومابعد الاستقلال، الاقتصاد الجزائري في ظل المخططات التنموية الاقتصادية(التخطيط المركزي 67-79) ،الاقتصاد الجزائري في ظل المخططات التنموية الاقتصادية(التخطيط اللامركزي 80-89) ،الاقتصاد الجزائري في ظل الاصلاحات الاقتصادية مع الهيئات الدولية ، الاقتصاد الجزائري ومرحلة ما بعد برامج التعديل الهيكلي، السياسات التنموية الاقتصادية الكلية في الجزائر، موقع الاقتصاد الجزائري مع التطورات العالمية الاقتصادية، الجزائر والشراكة مع الاتحاد الاروبي، الجزائر ومسار الانظمام الى المنظمة العالمية للتجارة، العولمة وآثارها على الاقتصاد الجزائري
653 _aالاقتصاد
653 _aالاقتصاد الجزائري
653 _aالجزائر
710 _aجامعة الجزائر3: كلية العلوم الإقتصادية، العلوم التجارية وعلوم التسيير
_eناشر علمي
942 _cHANDOUT
999 _c40990
_d40990